000 00669nam a2200241Ia 4500
005 20260430150706.0
008 008 250103s9999 xx 000 0 eng d
037 _aTheses
040 _aCRL
040 _beng
040 _ceng
041 _2eng
041 _aeng
084 _qCRL
100 _aVikas Kumar Au.; Singh Gajendra Gu.
_91238226
245 0 _aGandhian Paradigm: The Role of Masses in South Africa and India- Resetting the Discourse
260 _c2024
300 _a258p.
650 _aAfrican Literature
700 _aUniversity of Delhi. Faculty of Social Science. Deptt. of African Studies
942 _cTH
999 _c1850402
_d1850402